000 00601nam a2200193Ia 4500
005 20250508165411.0
008 008 250505s9999 xx 000 0 eng d
037 _aDissertations
040 _aFEDL
_beng
_cFEDL
041 _aeng
_2eng
084 _a371.102 4, FAR/DI
_qFEDL
100 _aFaridi Sana
_9780750
245 0 _aRevisiting beliefs about teaching: Students teachers' reflective perspectives
260 _c2014
300 _a103p.
546 _aM.Ed. Dissertation, (Delhi University); C D Included
942 _cDIS
_h371.102 4, FAR/DI
999 _c1394908
_d1394908